[Event "Cracovia 2008 op A"]
[Site "Krakow"]
[Date "2008.12.29"]
[Round "3.13"]
[White "Tokarski, Bartosz"]
[Black "Brodowski, Piotr"]
[Result "0-1"]
[WhiteElo "2249"]
[BlackElo "2401"]
[PlyCount "82"]
[EventDate "2008.??.??"]

1. e4 c5 2. Nf3 Nc6 3. d4 cxd4 4. Nxd4 Nf6 5. Nc3 e5 6. Ndb5 d6 7. Bg5 a6 8.
Na3 b5 9. Nd5 Be7 10. Bxf6 Bxf6 11. c3 O-O 12. Nc2 Rb8 13. Be2 Bg5 14. O-O Be6
15. Nce3 Qd7 16. Qd3 g6 17. g3 f5 18. exf5 gxf5 19. f4 Bd8 20. Rad1 Qa7 21. Kh1
Qb7 22. Qd2 Nd4 23. cxd4 Bxd5+ 24. Nxd5 Qxd5+ 25. Bf3 e4 26. Bg2 Bf6 27. g4
Qxa2 28. gxf5 Rfe8 29. Rfe1 d5 30. Rc1 Rbc8 31. Rxc8 Rxc8 32. Rg1 Kh8 33. Rd1
Qb3 34. Rc1 Rxc1+ 35. Qxc1 Qc4 36. Qxc4 bxc4 37. Kg1 Bxd4+ 38. Kf1 Kg7 39. Ke2
Kf6 40. Bh3 Bxb2 41. Kd2 d4 0-1

[Event "Cracovia 2008 op A"]
[Site "Krakow"]
[Date "2008.12.29"]
[Round "3.14"]
[White "Rudolf, Michal"]
[Black "Stoma, Pawel"]
[Result "0-1"]
[WhiteElo "2398"]
[BlackElo "2268"]
[PlyCount "98"]
[EventDate "2008.??.??"]

1. d4 d5 2. c4 c6 3. Nc3 Nf6 4. e3 a6 5. Nf3 b5 6. b3 Bf5 7. Ne5 e6 8. c5 h6 9.
Bd3 Qc7 10. Bxf5 exf5 11. Qf3 g6 12. g4 Nxg4 13. Nxg4 fxg4 14. Qxg4 Bg7 15. Bb2
Nd7 16. O-O-O O-O 17. Ne2 a5 18. a3 Rae8 19. Nf4 Nf6 20. Qf3 Qc8 21. Nd3 Ne4
22. Rhg1 Re6 23. Rg4 Rf6 24. Rf4 Rxf4 25. Qxf4 Re8 26. Rg1 Qh3 27. Rd1 Re6 28.
f3 Ng5 29. Ne1 Rf6 30. Qc7 Nxf3 31. Qxa5 Nxh2 32. Nc2 Ng4 33. Qc3 Nf2 34. Re1
h5 35. a4 bxa4 36. bxa4 Qc8 37. Nb4 h4 38. a5 h3 39. a6 h2 40. a7 Qa8 41. Qa3
Re6 42. Qa6 Rxe3 43. Rf1 Re7 44. Qxc6 Rxa7 45. Qxa8+ Rxa8 46. Nxd5 Nd3+ 47. Kc2
Nxb2 48. Nb6 Bxd4 49. Nxa8 Bg1 0-1

[Event "Cracovia 2008 op A"]
[Site "Krakow"]
[Date "2008.12.29"]
[Round "3.15"]
[White "Kulon, Klaudia"]
[Black "Marszalek, Maciej"]
[Result "1-0"]
[WhiteElo "2228"]
[BlackElo "2383"]
[PlyCount "75"]
[EventDate "2008.??.??"]

1. c4 Nf6 2. Nc3 g6 3. g3 Bg7 4. Bg2 O-O 5. e3 c6 6. Nge2 e5 7. O-O d6 8. d3
Be6 9. Rb1 d5 10. cxd5 Nxd5 11. b4 a6 12. a4 Nd7 13. Nxd5 Bxd5 14. Bxd5 cxd5
15. Qb3 Nf6 16. d4 e4 17. Ba3 Qd7 18. Rfc1 Rfc8 19. b5 g5 20. Kg2 Rxc1 21. Rxc1
axb5 22. axb5 h5 23. h3 h4 24. Ng1 g4 25. hxg4 hxg3 26. fxg3 Nxg4 27. Ne2 Bh6
28. Nf4 Bxf4 29. exf4 Qe6 30. Bb4 Kg7 31. Rh1 Re8 32. Rh5 f6 33. f5 Qd7 34. Bd2
Rh8 35. Qd1 Rxh5 36. Qxg4+ Kf8 37. Bb4+ Ke8 38. Qg8# 1-0

[Event "Cracovia 2008 op A"]
[Site "Krakow"]
[Date "2008.12.29"]
[Round "3.16"]
[White "Gumula, Daniel"]
[Black "Klim, Kamil"]
[Result "1/2-1/2"]
[WhiteElo "2351"]
[BlackElo "2249"]
[PlyCount "104"]
[EventDate "2008.??.??"]

1. e4 c5 2. Ne2 Nc6 3. d3 d6 4. g3 Bg4 5. Bg2 Qc8 6. h3 Bd7 7. c3 Nf6 8. Be3 g6
9. d4 cxd4 10. cxd4 Bg7 11. Nbc3 O-O 12. Rc1 Qb8 13. f4 e5 14. O-O Re8 15. Qd2
b5 16. dxe5 dxe5 17. Nd5 Nh5 18. f5 Nd4 19. Bxd4 exd4 20. Rc7 Qd8 21. fxg6 hxg6
22. g4 Be6 23. Rcc1 Bxd5 24. exd5 Nf6 25. Nxd4 Nxd5 26. Nc6 Qb6+ 27. Qf2 Ne3
28. Rfe1 Nxg2 29. Kxg2 Qxf2+ 30. Kxf2 Bxb2 31. Rxe8+ Rxe8 32. Rb1 Re6 33. Rxb2
Rxc6 34. Rxb5 Rc2+ 35. Kf3 Rxa2 36. h4 Kg7 37. h5 gxh5 38. Rxh5 Ra3+ 39. Kf4
Ra4+ 40. Kf3 Kg6 41. Rc5 f6 42. Rc6 a5 43. Rc8 Ra1 44. Rg8+ Kf7 45. Ra8 Ke6 46.
Ke4 Ra4+ 47. Kf3 Kf7 48. Kg3 Ra1 49. Kf4 a4 50. Kf5 Rf1+ 51. Ke4 Rg1 52. Kf5
Rf1+ 1/2-1/2

[Event "Cracovia 2008 op A"]
[Site "Krakow"]
[Date "2008.12.29"]
[Round "3.17"]
[White "Rutkowski, Maciej"]
[Black "Rudnicki, Milosz"]
[Result "1/2-1/2"]
[WhiteElo "2336"]
[BlackElo "2232"]
[PlyCount "65"]
[EventDate "2008.??.??"]

1. e4 c6 2. d4 d5 3. Nd2 dxe4 4. Nxe4 Bf5 5. Ng3 Bg6 6. h4 h6 7. Nf3 Nd7 8. h5
Bh7 9. Bd3 Bxd3 10. Qxd3 Qc7 11. Bd2 e6 12. O-O-O O-O-O 13. Qe2 Bd6 14. Ne4 Bf4
15. Kb1 Bxd2 16. Rxd2 Ngf6 17. Nxf6 Nxf6 18. Ne5 c5 19. Rhd1 Rd5 20. c4 Rxd4
21. Rxd4 cxd4 22. Rxd4 Rd8 23. Rxd8+ Kxd8 24. f4 Ke8 25. Qd1 Ke7 26. Qf3 Nd7
27. Nxd7 Kxd7 28. b3 Qc6 29. Qe2 Qc5 30. Kc2 Qa3 31. Kb1 Qc5 32. Kc2 Qa3 33.
Kb1 1/2-1/2

[Event "Cracovia 2008 op A"]
[Site "Krakow"]
[Date "2008.12.29"]
[Round "3.18"]
[White "Slabek, Grzegorz"]
[Black "Samojlov, Anton"]
[Result "0-1"]
[WhiteElo "2192"]
[BlackElo "2331"]
[PlyCount "136"]
[EventDate "2008.??.??"]

1. d4 Nf6 2. Nf3 e6 3. e3 b6 4. Be2 Bb7 5. O-O Be7 6. c4 O-O 7. Nc3 c5 8. b3
cxd4 9. Nxd4 a6 10. Bb2 d6 11. Bf3 Ra7 12. Bxb7 Rxb7 13. Qf3 Qc8 14. Rfd1 Rc7
15. Rac1 Nbd7 16. Ne4 Rd8 17. Nxf6+ Nxf6 18. g3 Nd7 19. Ne2 Qb8 20. Nf4 Nf6 21.
h4 b5 22. cxb5 axb5 23. Rxc7 Qxc7 24. Rc1 Qa5 25. Qb7 Kf8 26. Rc7 Re8 27. Bc3
Qxa2 28. Bxf6 Qb1+ 29. Kg2 gxf6 30. Nh5 Qf5 31. Nf4 d5 32. Qxb5 Qe4+ 33. Kh2
Qe5 34. Rb7 Rd8 35. Ne2 Qf5 36. Kg1 Qb1+ 37. Kg2 Qe4+ 38. Kg1 e5 39. Rb8 Rxb8
40. Qxb8+ Kg7 41. Qb7 Bb4 42. Nd4 exd4 43. Qxb4 d3 44. Qd2 d4 45. b4 dxe3 46.
fxe3 Qc4 47. Kf2 Qc2 48. Ke1 Qb1+ 49. Kf2 Qc2 50. Ke1 Qb3 51. Kf2 Qc4 52. Ke1
h5 53. Kf2 Kg6 54. Ke1 f5 55. Kf2 f6 56. Ke1 Qb3 57. Kf2 Qb1 58. e4 fxe4 59.
Ke3 Kf5 60. Kd4 Qg1+ 61. Kd5 Qxg3 62. b5 Qf3 63. Kc4 Qe2 64. Qh6 d2+ 65. Kc5
d1=Q 66. Qh7+ Kf4 67. Qh6+ Ke5 68. Kb6 Qd6+ 0-1

[Event "Cracovia 2008 op A"]
[Site "Krakow"]
[Date "2008.12.29"]
[Round "3.19"]
[White "Miroslaw, Michal"]
[Black "Deriabina, Svetlana"]
[Result "1-0"]
[WhiteElo "2323"]
[BlackElo "2066"]
[PlyCount "43"]
[EventDate "2008.??.??"]

1. e4 c5 2. Nf3 e6 3. d4 cxd4 4. Nxd4 a6 5. Bd3 Nf6 6. O-O d6 7. Nc3 Be7 8. Kh1
O-O 9. f4 Qc7 10. Qe2 Nbd7 11. Bd2 b5 12. a3 Bb7 13. Rae1 Rfe8 14. e5 Nd5 15.
Rf3 Nf8 16. Rh3 Nxc3 17. Bxh7+ Nxh7 18. Qh5 Bh4 19. Qxh4 Ne4 20. Qxh7+ Kf8 21.
exd6 Qxd6 22. Nf5 1-0

[Event "Cracovia 2008 op A"]
[Site "Krakow"]
[Date "2008.12.29"]
[Round "3.20"]
[White "Krzyzanowski, Marcin"]
[Black "Duda, Jan-Krzysztof"]
[Result "1/2-1/2"]
[WhiteElo "2280"]
[BlackElo "2013"]
[PlyCount "107"]
[EventDate "2008.??.??"]

1. e4 e5 2. Nf3 Nc6 3. Bb5 a6 4. Ba4 Nf6 5. O-O b5 6. Bb3 Be7 7. Re1 d6 8. c3
O-O 9. h3 Na5 10. Bc2 c5 11. d4 Qc7 12. Nbd2 Bd7 13. Nf1 Rfc8 14. dxe5 dxe5 15.
Ne3 Bf8 16. Nd5 Nxd5 17. exd5 f6 18. Nh2 f5 19. Qe2 Re8 20. b3 c4 21. b4 Nb7
22. Be3 a5 23. a3 g6 24. f3 Bg7 25. Kh1 Qd6 26. Qd2 Rec8 27. Nf1 Be8 28. Red1
Bf7 29. Rab1 Qd7 30. Qe1 axb4 31. axb4 Ra6 32. Bg1 Rd6 33. Ne3 Bxd5 34. Nxd5
Rxd5 35. Rxd5 Qxd5 36. Rd1 Qc6 37. Bh2 Re8 38. Qe3 Nd8 39. Bb1 Nf7 40. Bc2 Bh6
41. Qc5 Qxc5 42. bxc5 Rc8 43. Bg1 Bf8 44. Rd5 Rc6 45. g4 Ng5 46. gxf5 Nxh3 47.
Be3 Nf4 48. Rxe5 Nd3 49. Bxd3 cxd3 50. fxg6 hxg6 51. Rd5 Kf7 52. Rxd3 Bxc5 53.
Bxc5 Rxc5 54. Kg2 1/2-1/2

[Event "Cracovia 2008 op A"]
[Site "Krakow"]
[Date "2008.12.29"]
[Round "3.21"]
[White "Orzech, Dominik"]
[Black "Veltkamp, Gerben"]
[Result "1-0"]
[WhiteElo "2462"]
[BlackElo "2221"]
[PlyCount "111"]
[EventDate "2008.??.??"]

1. d4 d5 2. c4 c6 3. Nf3 Nf6 4. Nc3 a6 5. e3 Bf5 6. Ne5 h6 7. Qb3 Ra7 8. Be2 e6
9. g4 Bh7 10. h4 Nbd7 11. Nxd7 Nxd7 12. Bd2 Be7 13. g5 h5 14. cxd5 cxd5 15.
Bxh5 Bf5 16. Bf3 Qb6 17. Rc1 Ra8 18. Na4 Qxb3 19. axb3 Bd6 20. Ke2 Ke7 21. b4
b5 22. Nc5 Bxc5 23. bxc5 a5 24. h5 Ra6 25. Ra1 Rha8 26. Bg2 Nb8 27. f3 Nc6 28.
Be1 a4 29. Bf2 Bc2 30. Kd2 Bb3 31. Bg3 Bc4 32. Bd6+ Kd7 33. h6 g6 34. Rh4 Rh8
35. h7 b4 36. Kc2 Bb3+ 37. Kc1 Bc4 38. Kc2 Bb3+ 39. Kd2 Bc4 40. Bf1 Bxf1 41.
Rxf1 Na5 42. Bf8 Nc4+ 43. Ke2 Rxf8 44. h8=Q Rxh8 45. Rxh8 b3 46. Rb1 Kc7 47.
Rf8 Nxb2 48. Rxf7+ Kc6 49. Rxb2 Kb5 50. Kd3 Kb4 51. Rb7+ Ka3 52. Kc3 e5 53.
R7xb3+ axb3 54. Rxb3+ Ka2 55. dxe5 Ra5 56. Kb4 1-0

[Event "Cracovia 2008 op A"]
[Site "Krakow"]
[Date "2008.12.29"]
[Round "3.22"]
[White "Roubalik, Jakub"]
[Black "D`Costa, Lorin A R"]
[Result "0-1"]
[WhiteElo "2216"]
[BlackElo "2411"]
[PlyCount "124"]
[EventDate "2008.??.??"]

1. c4 Nf6 2. Nc3 e5 3. Nf3 Nc6 4. e3 Bb4 5. Qc2 O-O 6. Nd5 a5 7. Ng5 g6 8. h4
Re8 9. Bd3 Bf8 10. a3 Bg7 11. Nxf6+ Bxf6 12. Nf3 a4 13. h5 Ne7 14. hxg6 hxg6
15. Be2 c6 16. c5 Qa5 17. Kf1 b6 18. cxb6 Qxb6 19. d3 d6 20. e4 Be6 21. Bd2 c5
22. Bc3 Nc6 23. Nd2 Nd4 24. Bxd4 cxd4 25. Nc4 Qc5 26. Qd2 d5 27. exd5 Bxd5 28.
Rc1 Rac8 29. f3 Rc7 30. Kf2 Qe7 31. Nb6 Bc6 32. Qc2 Bg5 33. Nd5 Be3+ 34. Kf1
Bxd5 35. Qxc7 Bxc1 36. Qxc1 g5 37. Rh5 f6 38. Bd1 Bf7 39. Rh1 Qd7 40. Qc2 Rc8
41. Qd2 Qb5 42. Kf2 Ba2 43. Be2 Qc5 44. Ra1 Bb3 45. Bd1 Kf7 46. Ke2 Ke6 47. Qb4
Bxd1+ 48. Rxd1 Qxb4 49. axb4 Rc2+ 50. Rd2 Rxd2+ 51. Kxd2 Kd5 52. g4 Kc6 53. Kc2
Kb5 54. Kb1 Kxb4 55. Ka2 a3 56. bxa3+ Kc3 57. a4 Kxd3 58. a5 Ke3 59. a6 d3 60.
a7 d2 61. a8=Q d1=Q 62. Qe4+ Kf2 0-1

[Event "Cracovia 2008 op A"]
[Site "Krakow"]
[Date "2008.12.29"]
[Round "3.23"]
[White "Bobula, Mateusz"]
[Black "Jakubiec, Edyta"]
[Result "1-0"]
[WhiteElo "2395"]
[BlackElo "2214"]
[PlyCount "77"]
[EventDate "2008.??.??"]

1. d4 f5 2. g3 Nf6 3. Bg2 g6 4. Nf3 Bg7 5. O-O O-O 6. b3 d6 7. Bb2 h6 8. c4 g5
9. Nbd2 Qe8 10. Qc2 Qh5 11. e3 Na6 12. d5 Nc5 13. Nd4 Bd7 14. f3 a5 15. Rae1
Rf7 16. a3 f4 17. e4 Qg6 18. b4 axb4 19. axb4 Na6 20. Ra1 Re8 21. b5 Nc5 22. e5
Qxc2 23. Nxc2 dxe5 24. Bxe5 Nh5 25. Bxg7 Kxg7 26. Ne4 Nxe4 27. fxe4 fxg3 28.
Rxf7+ Kxf7 29. hxg3 Nxg3 30. Kf2 Nh5 31. e5 e6 32. d6 cxd6 33. exd6 Rc8 34. Ne3
Nf4 35. Bxb7 Rc5 36. Be4 Rc8 37. Ng4 h5 38. Ne5+ Ke8 39. Ra7 1-0

[Event "Cracovia 2008 op A"]
[Site "Krakow"]
[Date "2008.12.29"]
[Round "3.24"]
[White "Pazderski, Ziemowit"]
[Black "Bulski, Krzysztof"]
[Result "0-1"]
[WhiteElo "2209"]
[BlackElo "2392"]
[PlyCount "138"]
[EventDate "2008.??.??"]

1. d4 Nf6 2. Nf3 d6 3. Nc3 Nbd7 4. e4 e5 5. Bc4 Be7 6. dxe5 dxe5 7. Bg5 c6 8.
a4 O-O 9. Qe2 Qc7 10. Bh4 Nc5 11. Bg3 Bd6 12. O-O-O Bg4 13. Qe3 Ne6 14. Bxe6
fxe6 15. h3 Bxf3 16. Qxf3 Rad8 17. Qe2 a6 18. Qc4 Rfe8 19. f3 b5 20. Qb3 Kf7
21. Bf2 Qa5 22. Rd2 Bb4 23. Rhd1 Rxd2 24. Rxd2 c5 25. Rd1 c4 26. Qa2 Bxc3 27.
bxc3 Qxc3 28. axb5 axb5 29. Bc5 Rc8 30. Qa6 Rc7 31. Qxb5 Qa1+ 32. Kd2 Qa2 33.
Bb6 Rb7 34. Qxe5 Rd7+ 35. Bd4 Qb2 36. Ke1 Qxc2 37. Rd2 Qb3 38. Bc3 Qb1+ 39. Kf2
Qb6+ 40. Kg3 Rd3 41. Kh2 Rxd2 42. Bxd2 Nd7 43. Qh5+ Kf8 44. Bc3 Qd6+ 45. Kh1
Qd1+ 46. Kh2 Qd6+ 47. Kh1 Qa3 48. Qg5 Qxc3 49. Qd8+ Kf7 50. Qxd7+ Kf6 51. Qd8+
Ke5 52. Qd7 Qd3 53. Qxg7+ Kf4 54. Kh2 Ke3 55. Qa7+ Qd4 56. Qa3+ c3 57. e5 Qxe5+
58. Kg1 Qd4 59. Kh2 Kd2 60. Qa5 e5 61. Kg3 h5 62. h4 Ke1 63. Qa1+ Ke2 64. Qa6+
Qd3 65. Qa5 c2 66. Qxe5+ Kd1 67. Qa5 c1=Q 68. Qa4+ Ke1 69. Qb4+ Kf1 0-1

[Event "Cracovia 2008 op A"]
[Site "Krakow"]
[Date "2008.12.29"]
[Round "3.25"]
[White "Czerwonski, Aleksander"]
[Black "Marzano, Carlo"]
[Result "1-0"]
[WhiteElo "2391"]
[BlackElo "2188"]
[PlyCount "135"]
[EventDate "2008.??.??"]

1. d4 Nc6 2. Nf3 d5 3. Bf4 Bg4 4. e3 e6 5. Be2 Bd6 6. Bg3 Nge7 7. O-O O-O 8. c4
Nf5 9. Nc3 Nxg3 10. hxg3 dxc4 11. Qa4 h5 12. Qxc4 Bxf3 13. gxf3 e5 14. dxe5
Nxe5 15. Qe4 c6 16. f4 Ng4 17. Bxg4 hxg4 18. Rad1 Qf6 19. Kg2 g6 20. Rh1 Rfd8
21. Rh4 Bf8 22. Rxg4 Rxd1 23. Nxd1 Bg7 24. Rh4 Rd8 25. Rh1 Qd6 26. Nc3 Qc5 27.
Rd1 Qa5 28. Rxd8+ Qxd8 29. Qc2 b5 30. Nd1 Qd6 31. e4 Qd4 32. b3 c5 33. Ne3 a5
34. a4 bxa4 35. bxa4 Qb4 36. e5 Qb7+ 37. Kf1 Bf8 38. Qc4 Qb1+ 39. Kg2 Qb7+ 40.
Nd5 Kg7 41. Kf3 Qb1 42. Ne3 Qh1+ 43. Ke2 Qh5+ 44. g4 Qh2 45. Qe4 c4 46. Qxc4
Bb4 47. Qe4 Qg1 48. f5 Qe1+ 49. Kf3 Qh1+ 50. Ng2 Qd1+ 51. Kg3 Qxa4 52. fxg6
fxg6 53. Nh4 Qb3+ 54. f3 Qe6 55. f4 Qb3+ 56. Nf3 a4 57. f5 gxf5 58. gxf5 a3 59.
f6+ Kf8 60. Qa8+ Kf7 61. Qb7+ Ke8 62. Qc8+ Kf7 63. Qd7+ Kf8 64. Qd8+ Kf7 65.
e6+ Kg6 66. Qg8+ Kf5 67. Qg4+ Kxf6 68. Qg5+ 1-0

[Event "Cracovia 2008 op A"]
[Site "Krakow"]
[Date "2008.12.29"]
[Round "3.26"]
[White "Zysko, Jan"]
[Black "Picard, Romain"]
[Result "1-0"]
[WhiteElo "2185"]
[BlackElo "2371"]
[PlyCount "35"]
[EventDate "2008.??.??"]

1. e4 e5 2. Nf3 d6 3. d4 exd4 4. Nxd4 Nf6 5. Nc3 Be7 6. Bf4 O-O 7. Qd2 c6 8.
O-O-O b5 9. f3 b4 10. Nce2 c5 11. Nb3 c4 12. Nbd4 Qa5 13. Kb1 Bd7 14. Ng3 Rc8
15. Ngf5 Bxf5 16. Nxf5 Bf8 17. Bxd6 c3 18. Qg5 1-0

[Event "Cracovia 2008 op A"]
[Site "Krakow"]
[Date "2008.12.29"]
[Round "3.27"]
[White "Leniart, Arkadiusz"]
[Black "Dragun, Kamil"]
[Result "1-0"]
[WhiteElo "2368"]
[BlackElo "2174"]
[PlyCount "93"]
[EventDate "2008.??.??"]

1. Nf3 Nf6 2. c4 c5 3. g3 g6 4. Bg2 Bg7 5. O-O O-O 6. d4 cxd4 7. Nxd4 Nc6 8.
Nc3 Nxd4 9. Qxd4 d6 10. b3 Be6 11. Bb2 Nd5 12. Qd2 Nxc3 13. Bxc3 Bxc3 14. Qxc3
Qc7 15. Rac1 Rac8 16. Qb2 Rfd8 17. h4 b6 18. Rfd1 h5 19. Bd5 Bxd5 20. Rxd5 e6
21. Rd3 d5 22. Qf6 dxc4 23. Rxc4 Rxd3 24. exd3 Qd7 25. Qc3 Rxc4 26. dxc4 a5 27.
Kg2 Qd6 28. Qe3 Kg7 29. Kf3 Qd1+ 30. Ke4 Qb1+ 31. Ke5 Qxa2 32. Qxb6 Qb2+ 33.
Ke4 Qb1+ 34. Kf3 Qh1+ 35. Ke2 Qe4+ 36. Qe3 Qc2+ 37. Kf3 a4 38. Qd4+ Kg8 39.
bxa4 Qxa4 40. Kf4 Qb4 41. Ke5 Qb8+ 42. Kf6 Qf8 43. Qb6 Qg7+ 44. Ke7 f6+ 45. Kd6
Qf8+ 46. Kd7 Kg7 47. Qd8 1-0

[Event "Cracovia 2008 op A"]
[Site "Krakow"]
[Date "2008.12.29"]
[Round "3.28"]
[White "Zakoscielna, Kinga"]
[Black "Motyka, Michal"]
[Result "0-1"]
[WhiteElo "2147"]
[BlackElo "2359"]
[PlyCount "112"]
[EventDate "2008.??.??"]

1. e4 e5 2. Nf3 Nc6 3. Bb5 a6 4. Ba4 Nf6 5. O-O b5 6. Bb3 Bb7 7. Re1 Bc5 8. c3
d6 9. d4 Bb6 10. Bg5 h6 11. Bh4 g5 12. Bg3 O-O 13. h3 Re8 14. dxe5 Nxe5 15.
Nxe5 dxe5 16. Nd2 c5 17. Qe2 c4 18. Bc2 Qc7 19. Rad1 Rad8 20. h4 g4 21. h5 Bc8
22. Bh4 Rd6 23. Nf1 Nxh5 24. g3 Ng7 25. Ne3 Bxe3 26. Qxe3 Ree6 27. b3 Kh7 28.
Kg2 f6 29. Qe2 Rxd1 30. Rxd1 h5 31. bxc4 bxc4 32. Ba4 Kg6 33. Rb1 Rd6 34. Rb4
Rd3 35. Qb2 Rd6 36. Rb8 a5 37. Rb5 Ba6 38. Rb8 Bc8 39. Rb5 Ne6 40. Qa3 Rd2 41.
Rb2 Rxb2 42. Qxb2 Bd7 43. Bxd7 Qxd7 44. Qb8 Qc6 45. f3 Ng7 46. Qd8 a4 47. a3
Kf7 48. Kf2 Qc5+ 49. Ke2 Qe7 50. Qd5+ Kg6 51. f4 exf4 52. gxf4 Qxa3 53. f5+ Kh7
54. Bxf6 Qb2+ 55. Ke3 g3 56. Qf7 Qf2# 0-1

[Event "Cracovia 2008 op A"]
[Site "Krakow"]
[Date "2008.12.29"]
[Round "3.29"]
[White "Tokarski, Lukasz"]
[Black "Mrva, Vladimir"]
[Result "1/2-1/2"]
[WhiteElo "2302"]
[BlackElo "2149"]
[PlyCount "103"]
[EventDate "2008.??.??"]

1. e4 e5 2. Nf3 Nc6 3. Bb5 a6 4. Ba4 Nf6 5. O-O Be7 6. Re1 b5 7. Bb3 O-O 8. c3
d6 9. h3 Na5 10. Bc2 c5 11. d4 Qc7 12. Nbd2 cxd4 13. cxd4 Bd7 14. Nf1 Rfc8 15.
Ne3 Nc4 16. Nxc4 Qxc4 17. Bb3 Qc7 18. Bd2 Qb8 19. a3 Be8 20. Bc3 Nd7 21. Qd2
Ra7 22. Rad1 h6 23. Bb4 Nb6 24. Bc3 Nd7 25. Qe3 Bf6 26. dxe5 dxe5 27. Bb4 Qb6
28. Bd6 Qxe3 29. Rxe3 a5 30. Rc3 Rxc3 31. bxc3 Ra6 32. c4 bxc4 33. Bxc4 Ra8 34.
Rb1 Rc8 35. Bd5 g5 36. Rb7 Bg7 37. Ra7 a4 38. Bb7 Rc1+ 39. Kh2 Bf8 40. Bxf8
Kxf8 41. Bd5 Rc2 42. Kg3 Rc3 43. Kg4 Rxa3 44. Kf5 Rc3 45. Rxa4 Ke7 46. Ra8 f6
47. Ra2 h5 48. Be6 Rc7 49. Bxd7 Bxd7+ 50. Kg6 Be8+ 51. Kf5 Bd7+ 52. Kg6 1/2-1/2

[Event "Cracovia 2008 op A"]
[Site "Krakow"]
[Date "2008.12.29"]
[Round "3.30"]
[White "Barski, Radoslaw"]
[Black "Andersen, Lars Even"]
[Result "1-0"]
[WhiteElo "2143"]
[BlackElo "2262"]
[PlyCount "71"]
[EventDate "2008.??.??"]

1. e4 Nc6 2. Nf3 d6 3. d4 g6 4. Nc3 Bg7 5. Be3 Nf6 6. h3 O-O 7. Qd2 a6 8. a4 e5
9. d5 Ne7 10. Bd3 Ne8 11. Bh6 f5 12. h4 f4 13. Bxg7 Nxg7 14. Bc4 Kh8 15. a5 b5
16. Be2 Ng8 17. Na2 Nf6 18. Bd3 Bd7 19. Nb4 Qb8 20. Ra3 Qb7 21. Rc3 Rac8 22.
Nc6 Rce8 23. Kd1 Ne6 24. h5 Nxh5 25. Ncxe5 dxe5 26. Nxe5 b4 27. dxe6 Bxe6 28.
Rc5 Rd8 29. Kc1 Kg8 30. Nc6 Rd7 31. Qxb4 Qc8 32. Bc4 Qe8 33. Re5 Rf6 34. Bxa6
Rd6 35. Bb7 Rxc6 36. Qb5 1-0

[Event "Cracovia 2008 op A"]
[Site "Krakow"]
[Date "2008.12.29"]
[Round "3.31"]
[White "Demidowicz, Maria"]
[Black "Kocwin, Bartosz"]
[Result "0-1"]
[WhiteElo "2093"]
[BlackElo "2260"]
[PlyCount "106"]
[EventDate "2008.??.??"]

1. e4 c5 2. Nf3 d6 3. d4 cxd4 4. Nxd4 Nf6 5. Nc3 a6 6. f3 e5 7. Nb3 Be6 8. Be3
Nbd7 9. Qd2 b5 10. a4 b4 11. Nd5 Bxd5 12. exd5 Nb6 13. Bxb6 Qxb6 14. a5 Qc7 15.
Bd3 Be7 16. O-O O-O 17. Ra4 h6 18. Kh1 Rfc8 19. Rxb4 Nxd5 20. Rc4 Qa7 21. Rxc8+
Rxc8 22. Bf5 Ne3 23. Bxc8 Nxf1 24. Qe2 Ne3 25. Bxa6 Nxc2 26. Bd3 Ne3 27. a6 Bd8
28. Bb1 Qb6 29. Qd3 g6 30. Nd2 Nd1 31. Ne4 Nf2+ 32. Nxf2 Qxf2 33. Qd1 Qxb2 34.
Be4 Bb6 35. g3 Qf2 36. Bd3 h5 37. Qf1 Qd4 38. Kg2 Kg7 39. Qe2 d5 40. Bc2 f5 41.
Qd3 Qf2+ 42. Kh3 e4 43. fxe4 dxe4 44. Qc3+ Bd4 45. Qc7+ Kh6 46. Qf4+ Qxf4 47.
gxf4 g5 48. fxg5+ Kxg5 49. Kg2 Kf4 50. Kf1 h4 51. Bd1 Ke3 52. Ke1 f4 53. Bg4 f3
0-1

[Event "Cracovia 2008 op A"]
[Site "Krakow"]
[Date "2008.12.29"]
[Round "3.32"]
[White "Wiewiora, Eneasz"]
[Black "Szwed, Jacek"]
[Result "0-1"]
[WhiteElo "2044"]
[BlackElo "2258"]
[PlyCount "162"]
[EventDate "2008.??.??"]

1. e4 c5 2. c3 Nf6 3. e5 Nd5 4. d4 cxd4 5. Nf3 e6 6. cxd4 d6 7. Bd3 Nb4 8. O-O
Nxd3 9. Qxd3 Nc6 10. Bg5 Be7 11. Bxe7 Nxe7 12. Qb5+ Nc6 13. Nc3 d5 14. Rac1 O-O
15. Rfe1 Rb8 16. a3 Bd7 17. Qd3 Na5 18. Nd2 b5 19. Na2 Nc4 20. Rc2 a5 21. f4 f6
22. exf6 Qxf6 23. g3 Be8 24. Nxc4 Bg6 25. Qc3 Bxc2 26. Ne5 Rfc8 27. Qxa5 Bf5
28. Nc3 Qe7 29. Qb4 Qa7 30. Rd1 Qb7 31. Kf2 Rf8 32. Ke3 Qc8 33. Rc1 Qe8 34. Ne2
Rc8 35. Rxc8 Qxc8 36. Qc5 Qb7 37. Nc3 Rc8 38. Qb4 h5 39. h4 Rb8 40. Kd2 Kh7 41.
Ke3 Bg6 42. Kd2 Be8 43. Ke3 Qc7 44. Kd2 Qd8 45. Ke3 Rc8 46. Qf8 Ra8 47. f5 Qf6
48. Qxf6 gxf6 49. Nd3 exf5 50. Nxd5 Kg7 51. N5f4 Rc8 52. Nc5 Bf7 53. Kd3 Kf8
54. b3 Ke7 55. a4 bxa4 56. bxa4 Rg8 57. Ne2 Kd6 58. a5 Bd5 59. Ke3 Bc4 60. Nf4
Rxg3+ 61. Kf2 Rg4 62. Kf3 Rxh4 63. a6 Bb5 64. a7 Bc6+ 65. d5 Ba8 66. Na4 Ke7
67. Ke3 Rh1 68. Nc5 Kd6 69. Ncd3 h4 70. Nb2 Ra1 71. Nc4+ Kc5 72. Nd2 Rxa7 73.
Nf3 Rh7 74. Nd3+ Kxd5 75. Kf4 h3 76. Nh2 Kd4 77. Nf2 Be4 78. Kg3 Ke3 79. Nxh3
Rg7+ 80. Kh4 Bd3 81. Kh5 Rh7+ 0-1

[Event "Cracovia 2008 op A"]
[Site "Krakow"]
[Date "2008.12.29"]
[Round "3.33"]
[White "Ponizil, Cyril"]
[Black "Siwiec, Arkadiusz"]
[Result "1-0"]
[WhiteElo "2251"]
[BlackElo "2095"]
[PlyCount "135"]
[EventDate "2008.??.??"]

1. Nf3 Nf6 2. g3 g6 3. Bg2 Bg7 4. O-O O-O 5. d3 d5 6. Nbd2 c5 7. e4 Nc6 8. Qe2
e5 9. h3 Re8 10. c3 h6 11. Nh2 Be6 12. Ng4 Nxg4 13. hxg4 b6 14. exd5 Bxd5 15.
Be4 Re6 16. Nc4 Ne7 17. Ne3 Bc6 18. Rd1 Qd7 19. b4 cxb4 20. cxb4 Rd8 21. Bb2
Ba4 22. Re1 Nc6 23. Qd2 Nd4 24. Rac1 Ree8 25. Bxd4 exd4 26. Nd5 Qxg4 27. Rc7
Rd7 28. Rec1 Rxe4 29. dxe4 Qxe4 30. Rc8+ Kh7 31. Nf4 Re7 32. Qd3 Qxd3 33. Nxd3
Bb5 34. Rd1 g5 35. Rd2 Kg6 36. Rc1 Kf5 37. Nb2 Rd7 38. a4 Ba6 39. b5 Bb7 40.
Nd3 Bf3 41. Ne1 Bd5 42. f3 Bb3 43. Rb1 Bd5 44. Kf2 Rc7 45. g4+ Ke6 46. Nc2 Rc4
47. Rbd1 Rxa4 48. Nxd4+ Bxd4+ 49. Rxd4 Rxd4 50. Rxd4 Kd6 51. Ra4 Kc5 52. Ke3
Kxb5 53. Rxa7 Kc4 54. Rc7+ Kb4 55. Rd7 Be6 56. Rd8 b5 57. Kd4 Kb3 58. Rh8 b4
59. Rxh6 Kc2 60. Rh2+ Kb3 61. Rh5 Kc2 62. Rxg5 b3 63. Rc5+ Kd2 64. Rh5 b2 65.
Rh2+ Kc1 66. Kc3 Bb3 67. Rxb2 Bd5 68. Rf2 1-0

[Event "Cracovia 2008 op A"]
[Site "Krakow"]
[Date "2008.12.29"]
[Round "3.34"]
[White "Hansen, Knut"]
[Black "Cechura, Petr"]
[Result "0-1"]
[WhiteElo "2076"]
[BlackElo "2249"]
[PlyCount "82"]
[EventDate "2008.??.??"]

1. e4 c5 2. Nf3 d6 3. d4 cxd4 4. Qxd4 Nc6 5. Bb5 Bd7 6. Bxc6 bxc6 7. O-O e5 8.
Qd3 Be7 9. b3 Qc7 10. Nbd2 Rd8 11. Re1 Nf6 12. c4 O-O 13. Nf1 Nh5 14. Ng3 Nxg3
15. hxg3 f5 16. Bb2 c5 17. exf5 Rxf5 18. Nd2 Rdf8 19. Ne4 Bc6 20. Re2 Qb7 21.
f3 d5 22. cxd5 Bb5 23. Qd2 Bxe2 24. Qxe2 Qxd5 25. Rd1 Qe6 26. Ba3 Rc8 27. Qb5
Rff8 28. Bxc5 Bxc5+ 29. Nxc5 Qe7 30. b4 Rfd8 31. Rxd8+ Rxd8 32. Ne4 Qe6 33. Qa5
Qb6+ 34. Qxb6 axb6 35. Nc3 Rd3 36. Nb5 Rd1+ 37. Kh2 Kf7 38. Nc3 Rd3 39. Ne4 Ke6
40. a4 Kd5 41. a5 b5 0-1

[Event "Cracovia 2008 op A"]
[Site "Krakow"]
[Date "2008.12.29"]
[Round "3.35"]
[White "Galazewski, Tomasz"]
[Black "Pietruszewski, Marcin"]
[Result "1/2-1/2"]
[WhiteElo "2245"]
[BlackElo "2027"]
[PlyCount "63"]
[EventDate "2008.??.??"]

1. e4 e6 2. d4 d5 3. Nd2 Nf6 4. e5 Nfd7 5. f4 c5 6. c3 Nc6 7. Ndf3 Qb6 8. g3
cxd4 9. cxd4 Bb4+ 10. Kf2 g5 11. fxg5 Ndxe5 12. Kg2 Ng6 13. h4 e5 14. h5 e4 15.
hxg6 exf3+ 16. Nxf3 fxg6 17. Bd3 O-O 18. Rh4 Bf5 19. Bxf5 Rxf5 20. Bf4 Re8 21.
Ne5 Bd6 22. Ng4 Bxf4 23. Nh6+ Kh8 24. Nxf5 Bxg5 25. Nd6 Bxh4 26. Nxe8 Be7 27.
Qf1 Kg8 28. Re1 Qd8 29. Qf3 Qxe8 30. Qxd5+ Qf7 31. Qe4 Bf6 32. d5 1/2-1/2

[Event "Cracovia 2008 op A"]
[Site "Krakow"]
[Date "2008.12.29"]
[Round "3.36"]
[White "Pietrzak, Wojciech"]
[Black "Duhayon, Yves"]
[Result "1/2-1/2"]
[WhiteElo "1912"]
[BlackElo "2237"]
[PlyCount "45"]
[EventDate "2008.??.??"]

1. e4 e5 2. Nf3 Nc6 3. Bb5 g6 4. O-O Bg7 5. Re1 Nge7 6. c3 O-O 7. d4 exd4 8.
cxd4 d5 9. Bg5 dxe4 10. Bxc6 bxc6 11. Rxe4 Be6 12. Qc1 Re8 13. Nc3 Qb8 14. Bxe7
Rxe7 15. Re2 Qe8 16. Qg5 f6 17. Qc5 Bf8 18. Rae1 Kf7 19. Ne4 Bd5 20. Neg5+ fxg5
21. Nxg5+ Kf6 22. Nxh7+ Kf7 23. Ng5+ 1/2-1/2